<?xml version="1.0" encoding="UTF-8"?>
<collection xmlns:xsi="http://www.w3.org/2001/XMLSchema-instance" xsi:schemaLocation="http://www.loc.gov/MARC21/slim http://www.loc.gov/standards/marcxml/schema/MARC21slim.xsd" xmlns="http://www.loc.gov/MARC21/slim">
 <record>
  <leader>00000cam a22000004a 4500</leader>
  <controlfield tag="001">UP-8027390931316245973</controlfield>
  <controlfield tag="003">Buklod</controlfield>
  <controlfield tag="005">20141025140450.0</controlfield>
  <controlfield tag="006">a     r    |||| u|</controlfield>
  <controlfield tag="007">ta</controlfield>
  <controlfield tag="008">141025s        xx     d     r    |||| u|</controlfield>
  <datafield tag="020" ind1=" " ind2=" ">
   <subfield code="a">9789715425445</subfield>
  </datafield>
  <datafield tag="035" ind1=" " ind2=" ">
   <subfield code="a">(iLib)UPMIN-00007326042</subfield>
  </datafield>
  <datafield tag="040" ind1=" " ind2=" ">
   <subfield code="a">DLC</subfield>
   <subfield code="c">DEDUC</subfield>
  </datafield>
  <datafield tag="041" ind1="0" ind2=" ">
   <subfield code="a">eng</subfield>
  </datafield>
  <datafield tag="042" ind1=" " ind2=" ">
   <subfield code="a">DMLUC</subfield>
  </datafield>
  <datafield tag="090" ind1=" " ind2=" ">
   <subfield code="a">JQ 1498 C6</subfield>
   <subfield code="b">F85 2007</subfield>
  </datafield>
  <datafield tag="100" ind1="1" ind2=" ">
   <subfield code="a">Fuller, Ken</subfield>
  </datafield>
  <datafield tag="245" ind1="1" ind2="0">
   <subfield code="a">Forcing the pace</subfield>
   <subfield code="b">the Partido Komunista ng Pilipinas : from foundation to armed struggle</subfield>
   <subfield code="c">Ken Fuller.</subfield>
  </datafield>
  <datafield tag="264" ind1=" " ind2="1">
   <subfield code="a">Quezon City</subfield>
   <subfield code="b">University of the Philippines Press</subfield>
   <subfield code="c">c2007.</subfield>
  </datafield>
  <datafield tag="300" ind1=" " ind2=" ">
   <subfield code="a">xiv, 365 p.</subfield>
  </datafield>
  <datafield tag="505" ind1="0" ind2=" ">
   <subfield code="a">Chapter 1. Birthmarks -- Chapter 2. Birth of the party -- Chapter 3. Repression -- Chapter 4. Reorientation -- Chapter 5. The PKP at war -- Chapter 6. The debate -- Chapter 7. Reconquest -- Chpater 8. From defense to offense -- Chapter 9. Defeat -- Chapter 10. Forcing the pace.</subfield>
  </datafield>
  <datafield tag="520" ind1=" " ind2=" ">
   <subfield code="a">&quot;Founded in 1930, the Partido Komunista ng Pilipinas (now called the PKP-1930 to distinguish it from the Communist Party of the Philippines formed in 1969) was soon declared illegal by the US colonial authorities. Regaining its legality later in the decade, by 1942 it was at the helm of the Hukbalahap, the most effective guerrilla organization during the Japanese occupation. With the reconquest of the Philippines by the returning American forces, the PKP and the Huks found themselves under attack by their presumed wartime allies. As congressmen elected as part of the postwar Democratic Alliance were prevented from taking their seats by President Roxas and Huk areas were bombarded by government forces, the PKP returned to guerrilla warfare. While at the first adopting a defensive posture, in 1950 the party adopted a strategy for the seizure of power. By the mid-1950s, however, the &quot;Huk rebellion&quot; had been defeated by the Philippine government, guided and assisted by the USA. Forcing the Pace analyzes the factors responsible for the PKP's many teething problems and the defeat of the Huk rebellion, taking issue with some previous accounts. Detailed consideration is given to PKP documents, many of which have not previously appeared in the literature on this subject.&quot;--Back cover.</subfield>
  </datafield>
  <datafield tag="610" ind1="1" ind2="0">
   <subfield code="a">Communist Party of the Philippines</subfield>
   <subfield code="x">History.</subfield>
  </datafield>
  <datafield tag="650" ind1=" " ind2="0">
   <subfield code="a">Communism</subfield>
   <subfield code="z">Philippines</subfield>
   <subfield code="v">History.</subfield>
  </datafield>
  <datafield tag="651" ind1=" " ind2="0">
   <subfield code="a">Philippines</subfield>
   <subfield code="x">Politics and government</subfield>
   <subfield code="y">20th century.</subfield>
  </datafield>
  <datafield tag="905" ind1=" " ind2=" ">
   <subfield code="a">FI</subfield>
  </datafield>
  <datafield tag="950" ind1=" " ind2=" ">
   <subfield code="a">Monograph</subfield>
  </datafield>
  <datafield tag="852" ind1="0" ind2=" ">
   <subfield code="a">UPMIN</subfield>
   <subfield code="b">UPMIN-MAIN</subfield>
   <subfield code="h">JQ 1498 C6 F85 2007</subfield>
  </datafield>
  <datafield tag="942" ind1=" " ind2=" ">
   <subfield code="a">Book</subfield>
  </datafield>
 </record>
</collection>
